[Event "European Rapid 2014"]
[Site "Wroclaw POL"]
[Date "2014.12.21"]
[Round "11.22"]
[White "Socko, Monika"]
[Black "Shimanov, Aleksandr"]
[Result "1-0"]
[WhiteTitle "GM"]
[BlackTitle "GM"]
[WhiteElo "2470"]
[BlackElo "2591"]
[WhiteFideId "1106619"]
[BlackFideId "4198603"]
[EventDate "2014.12.20"]

1. d4 d6 2. c4 f5 3. Nf3 Nf6 4. g3 g6 5. Bg2 Bg7 6. O-O O-O 7. d5 e5 8. dxe6 Nc6
9. Qb3 Ne4 10. Nc3 Nc5 11. Qd1 Bxe6 12. Ng5 Kh8 13. Bd5 Bxd5 14. cxd5 Ne5 15.
Na4 Ned7 16. Be3 h6 17. Nxc5 Nxc5 18. Nf3 Qe7 19. Rc1 a5 20. Qc2 g5 21. Bxc5
dxc5 22. Qxc5 Qxe2 23. Nd4 Qxb2 24. Ne6 Rf7 25. Nxc7 Rc8 26. d6 Qxa2 27. Qb5 Rd8
28. Rcd1 f4 29. d7 a4 30. Qxb7 Rff8 31. Qc6 Rf6 32. Qe4 a3 33. Qe7 Rff8 34. Ne8
Qf7 35. Qxd8 f3 36. Rfe1 Qf5 37. Qe7 Rg8 38. Qe6 1-0

[Event "European Rapid 2014"]
[Site "Wroclaw POL"]
[Date "2014.12.21"]
[Round "11.23"]
[White "Grigoriants, Sergey"]
[Black "Bodnaruk, Anastasia"]
[Result "1/2-1/2"]
[WhiteTitle "GM"]
[BlackTitle "IM"]
[WhiteElo "2570"]
[BlackElo "2416"]
[WhiteFideId "4130804"]
[BlackFideId "4181751"]
[EventDate "2014.12.20"]

1. e4 d6 2. d4 g6 3. Bc4 Bg7 4. Nf3 e6 5. Bb3 Ne7 6. O-O O-O 7. Re1 b6 8. Nbd2
c5 9. c3 Ba6 10. Nf1 Nbc6 11. d5 exd5 12. exd5 Ne5 13. Nxe5 dxe5 14. Bg5 Qd7 15.
Ne3 Nc8 16. Ng4 c4 17. Bc2 f6 18. Bh6 Bb7 19. Qe2 Nd6 20. f4 e4 21. Bxg7 Kxg7
22. Rad1 1/2-1/2

[Event "European Rapid 2014"]
[Site "Wroclaw POL"]
[Date "2014.12.21"]
[Round "11.24"]
[White "Wieczorek, Oskar"]
[Black "Anton Guijarro, David"]
[Result "0-1"]
[WhiteTitle "IM"]
[BlackTitle "GM"]
[WhiteElo "2425"]
[BlackElo "2608"]
[WhiteFideId "1133950"]
[BlackFideId "2285525"]
[EventDate "2014.12.20"]

1. e4 e5 2. Nf3 Nc6 3. Bb5 a6 4. Ba4 Nf6 5. O-O Be7 6. Re1 b5 7. Bb3 d6 8. c3
O-O 9. d4 Bg4 10. d5 Na5 11. Bc2 c6 12. h3 Bxf3 13. Qxf3 cxd5 14. exd5 Nc4 15.
Nd2 Nb6 16. Nf1 g6 17. Bh6 Re8 18. Ng3 Nfd7 19. Nf5 Nc5 20. Qg3 Nc4 21. h4 Bf6
22. b4 Na4 23. Be4 Kh8 24. Qf3 Ra7 25. g4 Bxh4 26. Kg2 Bg5 27. Rh1 f6 28. Nh4
Bxh4 29. Bxg6 hxg6 30. Rxh4 Rh7 31. Rah1 Kg8 32. Qe4 Kf7 33. Bf8 Rxh4 34. Rxh4
f5 35. Rh7+ Kxf8 36. gxf5 Qg5+ 37. Kh1 gxf5 38. Qd3 Ne3 39. fxe3 Re7 40. Rh2 Rg7
41. Qf1 Nxc3 42. Rh3 Ne4 0-1

[Event "European Rapid 2014"]
[Site "Wroclaw POL"]
[Date "2014.12.21"]
[Round "11.25"]
[White "Vitiugov, Nikita"]
[Black "Kuzmicz, Krystian"]
[Result "1-0"]
[WhiteTitle "GM"]
[BlackTitle "IM"]
[WhiteElo "2738"]
[BlackElo "2469"]
[WhiteFideId "4152956"]
[BlackFideId "1119125"]
[EventDate "2014.12.20"]

1. b3 e5 2. Bb2 Nc6 3. e3 Nf6 4. Bb5 Bd6 5. Na3 a6 6. Bxc6 dxc6 7. Nc4 Qe7 8. a4
Bg4 9. Ne2 b6 10. f3 Bh5 11. O-O Rd8 12. e4 b5 13. axb5 axb5 14. Nxd6+ cxd6 15.
Ng3 Bg6 16. f4 h5 17. d3 h4 18. fxe5 dxe5 19. Nf5 Qc5+ 20. d4 exd4 21. Bxd4 Qf8
22. Qe1 Bxf5 23. exf5+ Qe7 24. Bc5 Qxe1 25. Rfxe1+ Kd7 26. Re7+ 1-0

[Event "European Rapid 2014"]
[Site "Wroclaw POL"]
[Date "2014.12.21"]
[Round "11.26"]
[White "Riazantsev, Alexander"]
[Black "Dobrowolski, Piotr"]
[Result "1-0"]
[WhiteTitle "GM"]
[BlackTitle "IM"]
[WhiteElo "2684"]
[BlackElo "2434"]
[WhiteFideId "4125029"]
[BlackFideId "1106236"]
[EventDate "2014.12.20"]

1. d4 Nf6 2. c4 g6 3. Nc3 Bg7 4. e4 d6 5. f3 O-O 6. Bg5 c5 7. d5 h6 8. Bf4 a6 9.
a4 Nh5 10. Be3 e6 11. Qd2 exd5 12. cxd5 Nd7 13. g4 Nhf6 14. h4 h5 15. g5 Ne8 16.
Nh3 Ne5 17. Be2 Bxh3 18. Rxh3 Nc7 19. Rh1 b5 20. Kf2 b4 21. Nd1 f5 22. Kg2 fxe4
23. fxe4 Qe7 24. Nf2 Rf7 25. Raf1 Raf8 26. Rh3 Kh7 27. b3 a5 28. Rg3 Nd7 29. Qc2
Be5 30. Rh3 Kg7 31. Nd1 Bf4 32. Bg1 Be5 33. Rxf7+ Rxf7 34. Nb2 Rf4 35. Be3 Rf8
36. Nc4 Bf4 37. Bf2 Ne5 38. Nxa5 Ng4 39. Nc6 Qe8 40. Bg1 Kh7 41. Rf3 Bh2 42.
Rxf8 Qxf8 43. Bxg4 Bxg1 44. Bxh5 Be3 45. e5 Nxd5 46. Qxg6+ Kh8 47. Qe8 Qxe8 48.
Bxe8 c4 49. exd6 c3 50. Bg6 Bxg5 51. hxg5 Nf4+ 52. Kf3 1-0

[Event "European Rapid 2014"]
[Site "Wroclaw POL"]
[Date "2014.12.21"]
[Round "11.27"]
[White "Efimenko, Zahar"]
[Black "Sadzikowski, Daniel"]
[Result "1-0"]
[WhiteTitle "GM"]
[BlackTitle "IM"]
[WhiteElo "2643"]
[BlackElo "2492"]
[WhiteFideId "14107201"]
[BlackFideId "1132253"]
[EventDate "2014.12.20"]

1. e4 c5 2. Nf3 d6 3. d4 cxd4 4. Nxd4 Nf6 5. Nc3 a6 6. a4 e6 7. Be2 Be7 8. O-O
O-O 9. a5 Nc6 10. Nb3 e5 11. Bf3 Be6 12. Nd5 Bxd5 13. exd5 Nb8 14. c4 Nbd7 15.
Nd2 Ne8 16. b4 f5 17. Nb3 Rc8 18. Be2 Bg5 19. c5 dxc5 20. bxc5 Nxc5 21. Nxc5
Rxc5 22. Ba3 Rxa5 23. Bxf8 Kxf8 24. Rxa5 Qxa5 25. d6 Bd8 26. d7 Nf6 27. Qd6+ Kf7
28. Bc4+ Kg6 29. Qf8 e4 30. Be6 Bc7 31. g3 Bb6 32. Kg2 Kh6 33. Qd6 Bc7 34. Qd4
Bd8 35. Rc1 Bb6 36. Qc3 Qb5 37. Rd1 Qe2 38. Qd2+ Qxd2 39. Rxd2 Bd8 40. Rc2 e3
41. fxe3 Ng4 42. Rc8 Nxe3+ 43. Kf3 Bb6 44. d8=Q 1-0

[Event "European Rapid 2014"]
[Site "Wroclaw POL"]
[Date "2014.12.21"]
[Round "11.28"]
[White "Salgado Lopez, Ivan"]
[Black "Weichhold, Pawel"]
[Result "1-0"]
[WhiteTitle "GM"]
[BlackTitle "IM"]
[WhiteElo "2622"]
[BlackElo "2405"]
[WhiteFideId "2257327"]
[BlackFideId "1139703"]
[EventDate "2014.12.20"]

1. e4 c5 2. c3 d5 3. exd5 Qxd5 4. d4 Nf6 5. Nf3 e6 6. Na3 Nc6 7. Be3 cxd4 8. Nb5
Qd8 9. Nbxd4 Nxd4 10. Bxd4 Be7 11. Bd3 O-O 12. Qe2 Qa5 13. O-O Qh5 14. Rad1 b6
15. Ne5 Qxe2 16. Bxe2 Bb7 17. Bb5 Rac8 18. f3 Bc5 19. Nd7 Nxd7 20. Bxd7 Rc7 21.
Ba4 Bxd4+ 22. Rxd4 Bd5 23. Bb3 Bc6 24. Rfd1 g6 25. Kf2 Rfc8 26. Rd8+ Kg7 27. h4
Kf6 28. g4 h6 29. f4 Ke7 30. Rxc8 Rxc8 31. Ke3 Rh8 32. Rd2 g5 33. hxg5 hxg5 34.
fxg5 Rh3+ 35. Kd4 Rg3 36. Bd1 Bd5 37. c4 Bc6 38. b4 Bd7 39. c5 bxc5+ 40. bxc5
Bc6 41. Be2 Rg2 42. Ke3 Rg3+ 43. Kd4 Rg2 44. Kc3 Rg3+ 45. Rd3 Rg2 46. Re3 Rg1
47. Kd2 Rg2 48. Ke1 a5 49. Rb3 Rg1+ 50. Kd2 Rg2 51. Ke3 Rg3+ 52. Kf4 Rg2 53. Rb6
Bd5 54. Bb5 Rf2+ 55. Ke5 Rf3 56. c6 Re3+ 57. Kd4 Re1 58. Rb7+ Kd8 59. Kc5 Rd1
60. Kb6 1-0

[Event "European Rapid 2014"]
[Site "Wroclaw POL"]
[Date "2014.12.21"]
[Round "11.29"]
[White "Putka, Verners"]
[Black "Alekseev, Evgeny"]
[Result "0-1"]
[BlackTitle "GM"]
[WhiteElo "2345"]
[BlackElo "2679"]
[WhiteFideId "11600659"]
[BlackFideId "4138147"]
[EventDate "2014.12.20"]

1. d4 Nf6 2. c4 e6 3. Nf3 d5 4. g3 Bb4+ 5. Nbd2 dxc4 6. Qc2 b5 7. a4 c6 8. Bg2
Bb7 9. O-O O-O 10. Rd1 Nbd7 11. Ng5 a6 12. b3 c3 13. Nb1 h6 14. Ne4 Nxe4 15.
Bxe4 Nf6 16. Bg2 Qb6 17. Nxc3 Rac8 18. a5 Qd8 19. Na2 Bxa5 20. Ba3 Re8 21. Nb4
Bb6 22. Bb2 a5 23. Nd3 Qe7 24. Nc5 Nd5 25. Rdc1 Red8 26. Qe4 Ba8 27. h4 Re8 28.
f4 Rcd8 29. Qf3 Nb4 30. Kh2 Qd6 31. e4 Qe7 32. Bf1 Qa7 33. Qc3 Na6 34. d5 e5 35.
Nxa6 Qxa6 36. fxe5 Qa7 37. Qc2 cxd5 38. Bxb5 Re6 39. exd5 Bxd5 40. Rd1 Qb7 41.
Bc4 Rc8 42. Rxd5 Qxd5 43. Qe2 Qc6 44. Rf1 Qe8 45. Qg4 Rcc6 46. Kh3 Bc7 47. Qf5
Rxc4 48. bxc4 Bxe5 49. Bc1 Bc7 50. Bb2 Be5 51. Ba3 Rf6 52. Qd3 Qc8+ 53. Kg2 Qc6+
54. Kh3 Qc8+ 55. Kg2 Qc6+ 56. Kh3 Rxf1 57. Qxf1 Qe4 58. Bc1 a4 59. c5 a3 60.
Bxa3 Qe3 61. Qg2 Qxa3 62. c6 Qc3 0-1

[Event "European Rapid 2014"]
[Site "Wroclaw POL"]
[Date "2014.12.21"]
[Round "11.30"]
[White "Miton, Kamil"]
[Black "Krzyzanowski, Marcin"]
[Result "1-0"]
[WhiteTitle "GM"]
[BlackTitle "IM"]
[WhiteElo "2601"]
[BlackElo "2400"]
[WhiteFideId "1111914"]
[BlackFideId "1132199"]
[EventDate "2014.12.20"]

1. d4 Nf6 2. c4 e6 3. g3 d5 4. Bg2 Be7 5. Nf3 O-O 6. O-O dxc4 7. Nc3 Nd5 8. e3
c5 9. dxc5 Nxc3 10. bxc3 Qc7 11. Qd4 Nc6 12. Qxc4 e5 13. Ba3 Be6 14. Qb5 a6 15.
Qe2 Na5 16. Bb4 Nc4 17. Nd4 exd4 18. cxd4 a5 19. Bc3 Nb6 20. Rab1 Nd5 21. Bd2 f5
22. Rb5 Kh8 23. Rfb1 Rab8 24. Bxa5 Qd7 25. Qb2 f4 26. exf4 Nxf4 27. gxf4 Bd5 28.
Bxd5 Qxd5 29. Bc7 Ra8 30. Be5 Rxa2 31. Qb3 Qd7 32. Rxb7 Qg4+ 33. Qg3 1-0

[Event "European Rapid 2014"]
[Site "Wroclaw POL"]
[Date "2014.12.21"]
[Round "11.31"]
[White "Guliyev, Namig"]
[Black "Schwarz, Dusan"]
[Result "1-0"]
[WhiteTitle "GM"]
[WhiteElo "2557"]
[BlackElo "2342"]
[WhiteFideId "13400363"]
[BlackFideId "14903890"]
[EventDate "2014.12.20"]

1. e4 d5 2. exd5 Qxd5 3. Nc3 Qa5 4. d4 Nf6 5. Nf3 Nc6 6. Bd2 a6 7. Bc4 Qh5 8.
Ne5 Qxd1+ 9. Rxd1 Nd8 10. a4 Bf5 11. Bb3 e6 12. O-O Nd7 13. Nxd7 Kxd7 14. h3 Bd6
15. Rfe1 Nc6 16. d5 exd5 17. Nxd5 Rae8 18. Bc3 f6 19. Ne3 Bg6 20. Nc4 Rxe1+ 21.
Bxe1 Re8 22. Kf1 b5 23. Nxd6 cxd6 24. axb5 axb5 25. f3 Bf5 26. Bg3 Ne5 27. Ra1
Nc6 28. Bd5 Be6 29. Rd1 Ne5 30. Be4 Bc4+ 31. Kf2 g6 32. c3 f5 33. Bc2 Ng4+ 34.
Kg1 Re2 35. Rxd6+ Ke7 36. Bd1 Ne5 37. Rd4 Re3 38. Kf2 Rd3 39. Bxe5 Ke8 1-0

[Event "European Rapid 2014"]
[Site "Wroclaw POL"]
[Date "2014.12.21"]
[Round "11.32"]
[White "Kashlinskaya, Alina"]
[Black "Jussupow, Artur"]
[Result "1-0"]
[WhiteTitle "IM"]
[BlackTitle "GM"]
[WhiteElo "2439"]
[BlackElo "2582"]
[WhiteFideId "4198026"]
[BlackFideId "4618777"]
[EventDate "2014.12.20"]

1. d4 d5 2. c4 dxc4 3. Nf3 Nf6 4. Nc3 a6 5. e4 b5 6. e5 Nd5 7. a4 e6 8. axb5 Nb6
9. bxa6 Rxa6 10. Rxa6 Nxa6 11. Be3 Nb4 12. Be2 Qd7 13. O-O Bb7 14. Nd2 Be7 15.
Nxc4 Nxc4 16. Bxc4 Bxg2 17. Kxg2 Qc6+ 18. Qf3 Qxc4 19. Qa8+ Bd8 20. Rc1 Nd3 21.
b3 Qb4 22. Qc6+ Kf8 23. Rd1 Nb2 24. Rd2 Qxb3 25. Qd7 Bh4 26. d5 g5 27. Qd8+ 1-0

[Event "European Rapid 2014"]
[Site "Wroclaw POL"]
[Date "2014.12.21"]
[Round "11.33"]
[White "Chigaev, Maksim"]
[Black "Girya, Olga"]
[Result "1-0"]
[WhiteTitle "IM"]
[BlackTitle "WGM"]
[WhiteElo "2494"]
[BlackElo "2457"]
[WhiteFideId "4108116"]
[BlackFideId "4195752"]
[EventDate "2014.12.20"]

1. e4 c6 2. e5 d5 3. exd6 exd6 4. d4 d5 5. Nf3 Bd6 6. c4 Nf6 7. Bd3 O-O 8. O-O
dxc4 9. Bxc4 Bg4 10. h3 Bh5 11. Nc3 Nbd7 12. Bb3 Qc7 13. g4 Bg6 14. Nh4 Bf4 15.
Qf3 Bxc1 16. Nxg6 hxg6 17. Raxc1 Qd6 18. Rcd1 Nb6 19. Rfe1 Nfd5 20. Ne4 Qf4 21.
Qxf4 Nxf4 22. Kh2 Nbd5 23. Nc5 b6 24. Nd7 Rfd8 25. Ne5 Rac8 26. h4 f6 27. Nc4
Re8 28. Ne3 Kf8 29. Kg3 Rcd8 30. Kf3 Rd6 31. a3 Rde6 32. Nxd5 Nxd5 33. Rxe6 Rxe6
34. Rc1 g5 35. h5 Kf7 36. Rxc6 1-0

[Event "European Rapid 2014"]
[Site "Wroclaw POL"]
[Date "2014.12.21"]
[Round "11.34"]
[White "Popov, Valerij"]
[Black "Nasuta, Grzegorz"]
[Result "1-0"]
[WhiteTitle "GM"]
[BlackTitle "FM"]
[WhiteElo "2555"]
[BlackElo "2351"]
[WhiteFideId "4119410"]
[BlackFideId "1141686"]
[EventDate "2014.12.20"]

1. Nf3 Nf6 2. c4 c5 3. Nc3 Nc6 4. g3 d5 5. d4 e6 6. cxd5 Nxd5 7. Bg2 Nxc3 8.
bxc3 Be7 9. O-O O-O 10. e4 b6 11. Re1 Bb7 12. Bb2 Rc8 13. Rc1 Na5 14. Ne5 Bd6
15. f4 Qe7 16. Qe2 Rfd8 17. Red1 Bb8 18. Bh3 cxd4 19. cxd4 Rxc1 20. Rxc1 Bd6 21.
Ba1 h6 22. Bg4 Bxe5 23. fxe5 Nc6 24. Rd1 Qb4 25. d5 exd5 26. exd5 Qc5+ 27. Qf2
Rxd5 28. Qxc5 Rxc5 29. e6 fxe6 30. Bxe6+ Kh7 31. Kf2 Ba6 32. Rd7 Rc2+ 33. Kf3
Rc1 34. Bb2 Rf1+ 35. Kg2 Re1 36. Rxg7+ Kh8 37. Rg5+ 1-0

[Event "European Rapid 2014"]
[Site "Wroclaw POL"]
[Date "2014.12.21"]
[Round "11.35"]
[White "Belous, Vladimir"]
[Black "Schmidt, Wlodzimierz"]
[Result "1-0"]
[WhiteTitle "GM"]
[BlackTitle "GM"]
[WhiteElo "2578"]
[BlackElo "2332"]
[WhiteFideId "4174003"]
[BlackFideId "1100041"]
[EventDate "2014.12.20"]

1. d4 Nf6 2. c4 g6 3. Nc3 d5 4. Nf3 Bg7 5. Bf4 O-O 6. e3 c5 7. dxc5 Qa5 8. Rc1
dxc4 9. Bxc4 Nc6 10. O-O Qxc5 11. Nd5 Nxd5 12. Bxd5 Qb6 13. Bxc6 bxc6 14. Be5
Bxe5 15. Nxe5 Qxb2 16. Nxc6 Qf6 17. h3 Bb7 18. Qd7 Bxc6 19. Rxc6 e6 20. Rc7 Rfd8
21. Qa4 a5 22. Rc5 Kg7 23. Rxa5 Rac8 24. Rd1 Qb2 25. Rxd8 Rxd8 26. Qf4 Rd1+ 27.
Kh2 Qf6 28. Qxf6+ Kxf6 29. g4 g5 30. Kg3 Rg1+ 31. Kf3 Ra1 32. Ra7 h6 33. Ra4 Kg6
34. Kg2 h5 35. Ra5 hxg4 36. hxg4 Kf6 37. Kf3 Rc1 38. Rb5 Rc2 39. a4 Ra2 40. a5
Kg6 41. e4 f6 42. Ke3 e5 43. Kd3 Rxf2 44. Kc4 Rf4 45. Kd5 Rxg4 46. a6 1-0

[Event "European Rapid 2014"]
[Site "Wroclaw POL"]
[Date "2014.12.21"]
[Round "11.36"]
[White "Piorun, Kacper"]
[Black "Chojnacki, Slawomir"]
[Result "1-0"]
[WhiteTitle "GM"]
[WhiteElo "2517"]
[BlackElo "2255"]
[WhiteFideId "1130420"]
[BlackFideId "1117076"]
[EventDate "2014.12.20"]

1. e4 c6 2. d4 d5 3. Nc3 dxe4 4. Nxe4 Nf6 5. Nxf6+ gxf6 6. c3 Bf5 7. Nf3 Qc7 8.
g3 e6 9. Bg2 Nd7 10. O-O O-O-O 11. Qe2 Bg4 12. Be3 h5 13. h3 Bxf3 14. Qxf3 f5
15. c4 h4 16. d5 Ne5 17. Qe2 Rg8 18. Bf4 f6 19. dxc6 bxc6 20. Rad1 Bc5 21. Kh1
hxg3 22. fxg3 Rh8 23. b4 Bxb4 24. c5 Bxc5 25. Rc1 Bd6 26. Bxe5 Bxe5 27. Rxc6
Rxh3+ 28. Kg1 Bd4+ 29. Rf2 Qxc6 30. Bxc6 Rxg3+ 31. Kf1 Bxf2 32. Qxe6+ Kc7 33.
Kxf2 Rgd3 34. Bf3 a5 35. Qc6+ 1-0

[Event "European Rapid 2014"]
[Site "Wroclaw POL"]
[Date "2014.12.21"]
[Round "11.37"]
[White "Lewtak, Damian"]
[Black "Sivuk, Vitaly"]
[Result "0-1"]
[BlackTitle "IM"]
[WhiteElo "2340"]
[BlackElo "2501"]
[WhiteFideId "1141724"]
[BlackFideId "14116502"]
[EventDate "2014.12.20"]

1. Nf3 Nf6 2. g3 g6 3. Bg2 Bg7 4. O-O O-O 5. d4 d5 6. c4 Nc6 7. cxd5 Nxd5 8. e4
Nb6 9. d5 Na5 10. Re1 c6 11. dxc6 Qxd1 12. Rxd1 Nxc6 13. Nc3 Bg4 14. h3 Bxf3 15.
Bxf3 Rfd8 16. Bf4 Nc4 17. Rxd8+ Rxd8 18. Nd1 Nd4 19. Kg2 Ne6 20. Bc1 Nc5 21. Be2
Nxe4 22. Nc3 Nxc3 23. Bxc4 Ne4 24. Be3 b6 25. Re1 Nd6 26. Bb3 Bxb2 27. Bg5 Bf6
28. Bxf6 exf6 29. Re7 a5 30. Ra7 f5 31. g4 fxg4 32. hxg4 Kg7 33. g5 h6 34. gxh6+
Kxh6 35. Bxf7 Nxf7 36. Rxf7 b5 37. Ra7 a4 38. Rb7 Rd5 39. a3 Kg5 40. Rb6 Kf5 41.
Kg3 g5 42. f3 Ke5 43. Kg4 Kd4 44. Re6 Kc3 45. Re3+ Kb2 46. f4 gxf4 47. Kxf4 Rc5
48. Rh3 Rc3 49. Rh5 Rb3 50. Ke4 Kxa3 51. Kd4 b4 52. Rh2 Rb2 53. Rh1 b3 54. Kc4
Rc2+ 55. Kd3 Rb2 56. Kd4 Rc2 57. Rc1 0-1

[Event "European Rapid 2014"]
[Site "Wroclaw POL"]
[Date "2014.12.21"]
[Round "11.38"]
[White "Boe, Mads"]
[Black "Stocek, Jiri"]
[Result "0-1"]
[WhiteTitle "FM"]
[BlackTitle "GM"]
[WhiteElo "2351"]
[BlackElo "2554"]
[WhiteFideId "1401408"]
[BlackFideId "304760"]
[EventDate "2014.12.20"]

1. e4 e5 2. Nf3 Nc6 3. d4 exd4 4. Nxd4 Bb4+ 5. c3 Bc5 6. Be3 Bb6 7. Nxc6 bxc6 8.
Qf3 Bxe3 9. Qxe3 Nf6 10. Nd2 O-O 11. Bd3 Re8 12. O-O d5 13. Rfe1 g6 14. Rad1 Bg4
15. f3 Be6 16. Nb3 Qb8 17. e5 Nh5 18. Rd2 Qb6 19. Nc5 f6 20. Qf2 fxe5 21. Rxe5
Nf4 22. Bf1 Bf5 23. Rxe8+ Rxe8 24. b4 a5 25. a3 axb4 26. axb4 h5 27. Rd1 Qa7 28.
Re1 Rxe1 29. Qxe1 Kf7 30. Qe3 Ne6 31. Kf2 Nxc5 32. Qxc5 Qa2+ 33. Kg1 Qd2 34. Qd4
Qe1 35. h4 Ke6 36. c4 Qe5 37. Qc5 d4 38. Qxe5+ Kxe5 39. Kf2 c5 40. b5 Bc2 41. g3 0-1

[Event "European Rapid 2014"]
[Site "Wroclaw POL"]
[Date "2014.12.21"]
[Round "11.39"]
[White "Stopa, Jacek"]
[Black "Halak, Miklos"]
[Result "1-0"]
[WhiteTitle "IM"]
[WhiteElo "2521"]
[BlackElo "2234"]
[WhiteFideId "1119591"]
[BlackFideId "726400"]
[EventDate "2014.12.20"]

1. d4 d5 2. c4 c6 3. Nf3 Nf6 4. Nc3 dxc4 5. e4 Bg4 6. Bxc4 e6 7. Be3 Bb4 8. Qb3
Qe7 9. Ne5 Nbd7 10. f3 Bh5 11. g4 Nxe5 12. dxe5 Nxg4 13. fxg4 Bxg4 14. O-O Bc5
15. Bxc5 Qxc5+ 16. Kh1 O-O 17. Rf4 Bh5 18. Raf1 b5 19. Bxe6 fxe6 20. Qxe6+ Kh8
21. Qxc6 Qe7 22. Nd5 1-0

[Event "European Rapid 2014"]
[Site "Wroclaw POL"]
[Date "2014.12.21"]
[Round "11.40"]
[White "Przybylski, Wojciech"]
[Black "Kosyrev, Vladimir"]
[Result "1/2-1/2"]
[WhiteTitle "FM"]
[BlackTitle "GM"]
[WhiteElo "2378"]
[BlackElo "2520"]
[WhiteFideId "1117599"]
[BlackFideId "4122259"]
[EventDate "2014.12.20"]

1. e4 e6 2. d4 d5 3. Nc3 Nc6 4. Nf3 Nf6 5. Bg5 Be7 6. e5 Ne4 7. Bxe7 Qxe7 8. a3
Nxc3 9. bxc3 Na5 10. Bd3 c5 11. O-O c4 12. Be2 Bd7 13. a4 O-O-O 14. Qc1 f5 15.
h4 Rdg8 16. Qa3 Qxa3 17. Rxa3 g6 18. Ng5 Rg7 19. f4 h6 20. Nh3 h5 21. Kf2 Nc6
22. Ke3 Kc7 23. a5 Rb8 24. Kd2 Rgg8 25. Ng5 Rg7 26. Ra2 Nd8 27. Rf3 Re7 28. Nh3
Be8 29. Rf1 Kc8 30. Rb1 Nf7 31. Bf3 Rc7 32. Nf2 Rc6 33. Nd1 Ra6 34. Ne3 Bc6 35.
Rba1 Nd8 36. Rh1 b6 37. Rha1 Rxa5 38. Rxa5 bxa5 39. Rxa5 Kb7 40. Ra1 Ra8 41. Kc1
a5 42. Kb2 Ra7 43. Ka3 Kc7 44. Rb1 Ra6 45. Nf1 Bd7 46. Nd2 Nc6 47. Ra1 Na7 48.
Kb2 Nb5 49. Nb1 a4 50. Na3 Nxa3 1/2-1/2

[Event "European Rapid 2014"]
[Site "Wroclaw POL"]
[Date "2014.12.21"]
[Round "11.41"]
[White "Jaracz, Pawel"]
[Black "Marie, Maxime"]
[Result "1-0"]
[WhiteTitle "GM"]
[BlackTitle "CM"]
[WhiteElo "2503"]
[BlackElo "2232"]
[WhiteFideId "1102222"]
[BlackFideId "625590"]
[EventDate "2014.12.20"]

1. d4 Nf6 2. c4 e6 3. Nf3 Bb4+ 4. Bd2 a5 5. Nc3 O-O 6. Bg5 h6 7. Bh4 a4 8. a3
Bxc3+ 9. bxc3 d6 10. Qc2 Nbd7 11. e3 Qe7 12. Be2 e5 13. Nd2 c5 14. d5 g5 15. Bg3
Kg7 16. e4 Rh8 17. Nf1 Nf8 18. h4 Ng6 19. hxg5 hxg5 20. Rxh8 Kxh8 21. Ne3 Nf4
22. Rb1 Kg7 23. f3 Qc7 24. Bf2 Ra6 25. Qb2 Kg6 26. Bf1 b6 27. g3 N4h5 28. Qd2
Ra8 29. Bd3 Nh7 30. Ke2 Bd7 31. Rh1 f6 32. Nf5 Rh8 33. Qd1 Nf8 34. Ne3 Kf7 35.
Kd2 Ng6 36. Nf5 Ng7 37. Nh6+ Kf8 38. Bc2 Qa7 39. Be3 Qa8 40. Qb1 Qd8 41. Nf5
Rxh1 42. Qxh1 Bxf5 43. exf5 Ne7 44. f4 exf4 45. gxf4 Qd7 46. fxg5 Ng8 47. gxf6
Nxf6 48. Qh8+ Kf7 49. Bh6 Ngh5 50. Qf8# 1-0

[Event "European Rapid 2014"]
[Site "Wroclaw POL"]
[Date "2014.12.21"]
[Round "11.42"]
[White "Bartel, Michal"]
[Black "Djuric, Stefan"]
[Result "0-1"]
[WhiteTitle "FM"]
[BlackTitle "GM"]
[WhiteElo "2327"]
[BlackElo "2402"]
[WhiteFideId "1119257"]
[BlackFideId "900133"]
[EventDate "2014.12.20"]

1. e4 e5 2. Nf3 Nc6 3. Bb5 a6 4. Ba4 Nf6 5. Bxc6 dxc6 6. d3 Nd7 7. Nbd2 Be7 8.
b3 c5 9. Bb2 f6 10. Nc4 Nf8 11. Nh4 g6 12. a4 Ne6 13. O-O O-O 14. g3 Ng5 15. f4
exf4 16. gxf4 Nh3+ 17. Kh1 f5 18. Nxf5 gxf5 19. Qh5 Bf6 20. Bxf6 Qxf6 21. Qxh3
fxe4 22. Qg3+ Kh8 23. dxe4 b5 24. axb5 Bb7 25. Rae1 axb5 26. Ne5 Rad8 27. Qc3
Rd4 28. Qxc5 Rxe4 29. Rxe4 Bxe4+ 30. Nf3 Qxf4 31. Qc3+ Rf6 32. Kg2 Qg4+ 0-1

[Event "European Rapid 2014"]
[Site "Wroclaw POL"]
[Date "2014.12.21"]
[Round "11.43"]
[White "Georgiadis, Nico"]
[Black "Zyla, Janusz"]
[Result "1-0"]
[WhiteTitle "IM"]
[BlackTitle "FM"]
[WhiteElo "2465"]
[BlackElo "2183"]
[WhiteFideId "1300113"]
[BlackFideId "1102338"]
[EventDate "2014.12.20"]

1. Nf3 d5 2. b3 Bf5 3. Bb2 e6 4. g3 h6 5. Bg2 Nf6 6. O-O Nbd7 7. d3 Be7 8. Nbd2
O-O 9. c4 a5 10. a3 c6 11. Qc2 Qb8 12. e4 Bh7 13. Rfe1 dxe4 14. dxe4 Nc5 15.
Rad1 Rd8 16. Ne5 Qc7 17. Re2 Qb6 18. Rb1 Rd6 19. b4 axb4 20. axb4 Qxb4 21. Nxc6
bxc6 22. Bxf6 Qxb1+ 23. Qxb1 Bxf6 24. Qb4 Rad8 25. Qxc5 Rxd2 26. Rxd2 Rxd2 27.
Qxc6 Bg6 28. h4 Bd4 29. Kh2 Bxf2 30. e5 Rd3 31. Bf3 Bd4 32. Qa8+ Kh7 33. Be4
Rd2+ 34. Kh3 Re2 35. Bxg6+ Kxg6 36. Qf3 Rd2 37. Qe4+ f5 38. exf6+ Kxf6 39. Qf4+ 1-0

[Event "European Rapid 2014"]
[Site "Wroclaw POL"]
[Date "2014.12.21"]
[Round "11.45"]
[White "Klykow, Lukasz"]
[Black "Nagy, Gabor1"]
[Result "0-1"]
[BlackTitle "IM"]
[WhiteElo "2150"]
[BlackElo "2422"]
[WhiteFideId "1106767"]
[BlackFideId "737119"]
[EventDate "2014.12.20"]

1. e4 c5 2. d4 cxd4 3. c3 g6 4. cxd4 d5 5. Nc3 Bg7 6. Nxd5 e6 7. Bb5+ Nc6 8. Nb4
Qb6 9. Qa4 Ne7 10. d5 exd5 11. exd5 a6 12. Bxc6+ bxc6 13. Nxc6 Bd7 14. Qe4 Bxc6
15. dxc6 O-O 16. Ne2 Nxc6 17. O-O Rfe8 18. Qf3 Ne5 19. Qg3 Rac8 20. Rb1 Rc2 21.
Be3 Qb7 22. Rfe1 Nd3 23. Red1 Nxb2 24. Nd4 Rc3 25. Rd2 Nc4 26. Rdd1 Qe4 27. Ne2
Rc2 28. Nd4 Rxa2 29. Rb8 Nxe3 30. fxe3 Rxg2+ 31. Qxg2 Qxe3+ 32. Kh1 Rxb8 33. Nc6
Re8 34. Rf1 Qe4 0-1